UBT Library

The Master Reader : (Record no. 44803)

000 -LEADER
fixed length control field 00845cam a2200277 i 4500
001 - CONTROL NUMBER
control field 17832506
005 - DATE AND TIME OF LATEST TRANSACTION
control field 20180312105005.0
008 - FIXED-LENGTH DATA ELEMENTS--GENERAL INFORMATION
fixed length control field 130731s2014 maua b 001 0 eng
010 ## - LIBRARY OF CONGRESS CONTROL NUMBER
LC control number 2013431417
020 ## - INTERNATIONAL STANDARD BOOK NUMBER
International Standard Book Number 9780321880345 (Student)
020 ## - INTERNATIONAL STANDARD BOOK NUMBER
International Standard Book Number 032188034X
020 ## - INTERNATIONAL STANDARD BOOK NUMBER
International Standard Book Number 9780321880413 (AIE)
020 ## - INTERNATIONAL STANDARD BOOK NUMBER
International Standard Book Number 0321880412 (AIE)
040 ## - CATALOGING SOURCE
Original cataloging agency DLC
Language of cataloging eng
Transcribing agency DLC
Description conventions rda
Modifying agency DLC
041 ## - LANGUAGE CODE
Language code of text/sound track or separate title eng
042 ## - AUTHENTICATION CODE
Authentication code pcc
080 ## - UNIVERSAL DECIMAL CLASSIFICATION NUMBER
Universal Decimal Classification number 428.40711 HER
082 00 - DEWEY DECIMAL CLASSIFICATION NUMBER
Classification number 428.40711 HER
Edition number 23
100 1# - Rafti
Rafti 25
101 ## - Shkurtesa
Shkurtesa EDU
245 14 - TITLE STATEMENT
Title The Master Reader :
Statement of responsibility, etc D.J. Henry, Daytona State College.
504 ## - BIBLIOGRAPHY, ETC. NOTE
Bibliography, etc Includes bibliographical references (pages 713-717, 719) and index.
906 ## - LOCAL DATA ELEMENT F, LDF (RLIN)
a 7
b cbc
c origres
d 2
e ncip
f 20
g y-gencatlg
942 ## - ADDED ENTRY ELEMENTS (KOHA)
Source of classification or shelving scheme
Item type Books
Holdings
Withdrawn status Lost status Source of classification or shelving scheme Damaged status Not for loan Collection code Permanent location Current location Shelving location Date acquired Total Checkouts Full call number Barcode Date last seen Price effective from Koha item type
          Koleksioni i përgjithshem UBT - Lipjan UBT - Lipjan Koleksioni i përgjithshem 03/12/2018   428.40711 HER 002-3001742 03/12/2018 03/12/2018 Books
UBT Library © 2015-2024. All rights reserved University Education for Business and Technology